Культура томских татар; Исследования молодых - регионам; Т. 1

Detalhes bibliográficos
Parent link:Исследования молодых - регионам: сборник трудов I Всероссийской научно-практической конференции, 29-31 марта 2011 г., г. Томск/ Национальный исследовательский Томский политехнический университет (ТПУ), Новокузнецкий филиал (НФ); под ред. С. И. Каковихиной.— , 2011
Т. 1.— 2011.— C. 76-80
Autor principal: Фатеева Л. Н.
Outros Autores: Жевлакова Н. Н. (научный руководитель)
Idioma:russo
Publicado em: 2011
Colecção:Региональные социогуманитарные исследования (история, страноведение, культура)
Assuntos:
Formato: Capítulo de Livro
KOHA link:https://koha.lib.tpu.ru/cgi-bin/koha/opac-detail.pl?biblionumber=247944

MARC

LEADER 00000naa2a2200000 4500
001 247944
005 20231031212239.0
035 |a (RuTPU)RU\TPU\book\269577 
035 |a RU\TPU\book\269254 
090 |a 247944 
100 |a 20140116d2011 k y0rusy50 ca 
101 0 |a rus 
102 |a RU 
200 1 |a Культура томских татар  |f Л. Н. Фатеева  |g науч. рук. Н. Н. Жевлакова 
225 1 |a Региональные социогуманитарные исследования (история, страноведение, культура) 
320 |a Библиогр.: с. 80 (2 назв.) 
461 1 |0 (RuTPU)RU\TPU\book\251726  |t Исследования молодых - регионам  |o сборник трудов I Всероссийской научно-практической конференции, 29-31 марта 2011 г., г. Томск  |f Национальный исследовательский Томский политехнический университет (ТПУ), Новокузнецкий филиал (НФ); под ред. С. И. Каковихиной  |d 2011 
463 0 |0 (RuTPU)RU\TPU\book\250366  |y 978-5-98298-906-2  |t Т. 1  |v C. 76-80  |d 2011  |p 340 с. 
610 1 |a культура 
610 1 |a татары 
610 1 |a томские татары 
610 1 |a декоративно-прикладное искусство 
610 1 |a народы 
610 1 |a Томская область 
610 1 |a традиции 
700 1 |a Фатеева  |b Л. Н. 
702 1 |a Жевлакова  |b Н. Н.  |4 727 
801 1 |a RU  |b 63413507  |c 20131111 
801 2 |a RU  |b 63413507  |c 20140116  |g RCR 
942 |c BK